Rubber karshakarum noothana chinthakalum (Malayalam) (Record no. 44409)

MARC details
000 -LEADER
fixed length control field 00339nam a2200121Ia 4500
082 ## - DEWEY DECIMAL CLASSIFICATION NUMBER
Classification number NR:63(063)
Item number RUB
245 #0 - TITLE STATEMENT
Title Rubber karshakarum noothana chinthakalum (Malayalam)
260 ## - PUBLICATION, DISTRIBUTION, ETC. (IMPRINT)
Place of publication Kottayam
Name of publisher Rubber Board
Year of publication 2010
650 ## - SUBJECT ADDED ENTRY--TOPICAL TERM
Topical Term Green budding
650 ## - SUBJECT ADDED ENTRY--TOPICAL TERM
Topical Term Root trainer plants
942 ## - ADDED ENTRY ELEMENTS (KOHA)
Koha item type Books
Holdings
Withdrawn status Lost status Damaged status Not for loan Home library Current library Date acquired Source of acquisition Full call number Accession Number Koha item type
        RRII Library RRII Library 16/12/2021 Gift NR:63(063) RUB G01156 Books